=LDR 00000nam 2200000 4500 =001 INLIS000000001052415 =005 20240829085900 =035 ##$$a 0010-0824000233 =007 ta =008 240829################b##########1###### =020 ##$$a 978-89-6509-684-9 =082 ##$$a 028.55 =084 ##$$a 028.55 LEE y =100 #$$a Lee Eun-Jeong =245 1#$$a Ya, itu ide yang bagus /$c Lee Eun-Jeong =260 ##$$a Tongkeun World :$b Gyeonggi-do =300 ##$$a 31 hlm : $b ilus ; $c 22,3 x 26,4 cm =650 #4$$a Bacaan Kanak-kanak =990 ##$$a 17991799